[Event "IECC KO email"]
[Site "IECC email"]
[Date "2001.06.16"]
[Round "?"]
[White "Logue, Ciaran"]
[Black "Sookocheff, Kevin"]
[Result "1-0"]
[WhiteElo "1026"]
[BlackElo "1000"]
[PlyCount "61"]
[EventDate "2001.??.??"]
[EventType "tourn (corr)"]
[EventRounds "6"]
[SourceTitle "Corr 2008"]
[Source "ChessBase"]
[SourceDate "2008.06.24"]
[SourceVersion "1"]
[SourceVersionDate "2008.06.24"]
[SourceQuality "1"]

1. e4 e5 2. Nf3 Nc6 3. Bc4 Nf6 4. d3 Bb4+ 5. Bd2 d6 6. Ng5 0-0 7. f4 Bg4 8. Nf3 Qd7 9. Nc3 Nd4 10. 0-0 Rad8 11. fxe5 dxe5 12. Nxe5 Bxd1 13. Nxd7 Rxd7 14. Raxd1 Bc5 15. Be3 b6 16. Rf2 Nxc2 17. Bxc5 bxc5 18. Rxc2 h5 19. Rf2 Ng4 20. Re2 g6 21. Rf1 Ne5 22. Nd5 Nxc4 23. Nf6+ Kg7 24. Nxd7 Rd8 25. Nxc5 Ne5 26. Rd2 Ng4 27. Re1 Rf8 28. e5 h4 29. h3 f6 30. hxg4 fxe5 31. Ne6+ 1-0

[Event "IECC CL8-2001.11"]
[Site "IECC email"]
[Date "2001.05.11"]
[Round "?"]
[White "Logue, Ciaran"]
[Black "Wojohn, Gregory A"]
[Result "0-1"]
[WhiteElo "1042"]
[BlackElo "1050"]
[PlyCount "56"]
[EventDate "2001.??.??"]
[EventType "tourn (corr)"]
[EventRounds "4"]
[SourceTitle "Corr 2008"]
[Source "ChessBase"]
[SourceDate "2008.06.24"]
[SourceVersion "1"]
[SourceVersionDate "2008.06.24"]
[SourceQuality "1"]

1. e4 e5 2. f4 exf4 3. Nf3 g5 4. d4 Bg7 5. Bc4 d6 6. Qd3 Nh6 7. h4 g4 8. Nh2 Qxh4+ 9. Kd1 g3 10. Qf1 gxh2 11. Bxf4 Ng4 12. g3 Qh5 13. Be2 Bxd4 14. c3 Be5 15. Kc2 Rg8 16. Nd2 f5 17. Re1 fxe4 18. Nxe4 Qf5 19. Bd3 Qf7 20. Bc4 Be6 21. Nd2 Nc6 22. Bxe6 Qxe6 23. Qb5 0-0-0 24. Nc4 a6 25. Qa4 Nf2 26. Rxh2 Qf5+ 27. Kd2 Bxf4+ 28. Ne3 Qd3+ 0-1